000 00295nam a2200133Ia 4500
008 230917s9999||||xx |||||||||||||| ||und||
040 _e158794
_aMAIN
041 _aEnglish
082 _a372.241 S73P
100 _aSunita Kumari
245 0 _aPrathmik shiksha
300 _a107 p.
942 _cTH
999 _c74821
_d74821